000 00605nam a2200193Ia 4500
005 20250508163452.0
008 008 250505s9999 xx 000 0 eng d
037 _aTextual
040 _aFEDL
_beng
_cFEDL
041 _aeng
_2eng
084 _a371.871, NAY
_qFEDL
100 _aNayar P K B
245 0 _aPre matric girls' hostels in Tamil Nadu and Kerala
260 _c1987
300 _a232p.
546 _aA study prepared for the Government of India Ministry of Human Resource Development (Department of Education)
942 _cTEXL
_h371.871, NAY
999 _c1383487
_d1383487